मैं एक दर्पण हूँ : (Record no. 113015)

MARC details
000 -LEADER
fixed length control field 01064nam a22002537a 4500
005 - DATE AND TIME OF LATEST TRANSACTION
control field 20170124102947.0
010 ## - LIBRARY OF CONGRESS CONTROL NUMBER
LC control number A-805085
020 ## - INTERNATIONAL STANDARD BOOK NUMBER
Terms of availability 95.00
035 ## - SYSTEM CONTROL NUMBER
System control number A-805085
037 ## - SOURCE OF ACQUISITION
Source of stock number/acquisition Cen Lib/Ret
040 ## - CATALOGING SOURCE
Original cataloging agency DPL
Language of cataloging HN
082 ## - DEWEY DECIMAL CLASSIFICATION NUMBER
Classification number 821
Item number काबरा
100 ## - MAIN ENTRY--PERSONAL NAME
Personal name काबरा, किशोर
9 (RLIN) 50203
245 ## - TITLE STATEMENT
Title मैं एक दर्पण हूँ :
Statement of responsibility, etc किशोरे काबरा
Remainder of title काव्य-संग्रह /
246 ## - VARYING FORM OF TITLE
Title proper/short title Mein ek darpan hun : kavye -sangreh /
Remainder of title by Kishore Kabra
260 ## - PUBLICATION, DISTRIBUTION, ETC. (IMPRINT)
Place of publication, distribution, etc दिल्ली
Name of publisher, distributor, etc अविराम प्रकाशन
Date of publication, distribution, etc 1996
270 ## - ADDRESS
Address 29/62, गली नं० 11, विश्वासनगर
City दिल्ली
Postal code 110051
300 ## - PHYSICAL DESCRIPTION
Extent 88पृ.
Dimensions 21सेमी (सजिल्द)
650 ## - SUBJECT ADDED ENTRY--TOPICAL TERM
Topical term or geographic name as entry element हिंदी साहित्य
9 (RLIN) 50204
650 ## - SUBJECT ADDED ENTRY--TOPICAL TERM
Topical term or geographic name as entry element हिंदी साहित्य --काव्य
9 (RLIN) 50205
650 ## - SUBJECT ADDED ENTRY--TOPICAL TERM
Topical term or geographic name as entry element Hindi literature
9 (RLIN) 50206
650 ## - SUBJECT ADDED ENTRY--TOPICAL TERM
Topical term or geographic name as entry element Hindi literature--Poetry
9 (RLIN) 50207
942 ## - ADDED ENTRY ELEMENTS (KOHA)
Source of classification or shelving scheme Dewey Decimal Classification
Koha item type Hindi Books
Classification part 821
Call number suffix काबरा
Holdings
Withdrawn status Lost status Damaged status Not for loan Home library Current library Date acquired Source of acquisition Cost, normal purchase price Total Checkouts Full call number Barcode Date last seen Copy number Cost, replacement price Price effective from Koha item type
        Central Library Central Library 11/08/2015 Cen Lib/Ret 95.00   821 काबरा A-805085 11/08/2015 1 95.00 11/08/2015 Hindi Books

© Delhi Public Library
Hit Counter
free hit counter